Click Geographic Features on a World Map #3 - Statistics

General Stats
  • This quiz has been taken 6,071 times
  • The average score is 12 of 20
Answers on the Map
Answers color-coded by a green-red scale on the quiz's map according to % correct below.
 
Answer Stats
Answer % Correct
Taiwan
97%
Alps
94%
Baja California peninsula
90%
New Guinea
83%
North Sea
82%
Nile Delta
81%
Gulf of Thailand
75%
Lake Malawi
74%
Faroe Islands
59%
Baffin Island
55%
Kalahari Desert
49%
Adriatic Sea
47%
Sumatra
45%
Aral Sea
41%
Canary Islands
39%
Sakhalin
38%
Río de la Plata (estuary)
37%
Gulf of Aden
35%
Lake Maracaibo
34%
Great Bear Lake
17%
No matching quizzes found
Score Distribution
Percent of People with Each Score
Percentile by Number Answered
Your Score History
You have not taken this quiz